Diccionaire international des écrivains du jour / (Record no. 48456)

MARC details
000 -LEADER
campo de control de longitud fija 00503nam a22001695i 4500
001 - NÚMERO DE CONTROL
campo de control 48456
003 - IDENTIFICADOR DE NÚMERO DE CONTROL
campo de control ES-MaACL
007 - CAMPO FIJO DE DESCRIPCIÓN FÍSICA--INFORMACIÓN GENERAL
campo de control de longitud fija t|
008 - DATOS DE LONGITUD FIJA--INFORMACIÓN GENERAL
campo de control de longitud fija 950719s1891 it ||||1| fre d
040 ## - FUENTE DE CATALOGACIÓN
Centro catalogador/agencia de origen CAM
Lengua de catalogación spa
Centro/agencia transcriptor CAM
100 1# - ENTRADA PRINCIPAL--NOMBRE DE PERSONA
Nombre de persona De Gubernatis, Angelo.
9 (RLIN) 43054
245 10 - MENCIÓN DEL TÍTULO
Título Diccionaire international des écrivains du jour /
Mención de responsabilidad, etc. A. de Gubernatis.
260 ## - PUBLICACIÓN, DISTRIBUCIÓN, ETC.
Lugar de publicación, distribución, etc. Florence :
Nombre del editor, distribuidor, etc. Louis Niccolai,
Fecha de publicación, distribución, etc. 1891.
300 ## - DESCRIPCIÓN FÍSICA
Extensión 3 v. ;
Dimensiones 27 cm.
650 14 - PUNTO DE ACCESO ADICIONAL DE MATERIA--TÉRMINO DE MATERIA
Término de materia o nombre geográfico como elemento de entrada Escritores-
Subdivisión cronológica S.XIX-
Subdivisión general Biografías.
9 (RLIN) 12380
852 ## - LOCALIZACIÓN
Ubicación ES-MaACL
Número de control de estantería C-793-5
Holdings
Estatus retirado Estado de pérdida Estado de daño No para préstamo Colección Biblioteca de origen Biblioteca actual Ubicación en estantería Fecha de adquisición Fuente de adquisición Total de préstamos Signatura topográfica completa Código de barras Visto por última vez Precio de reemplazo Tipo de ítem Koha
        Libros del s. XIX Biblioteca del Ateneo de Madrid Biblioteca del Ateneo de Madrid Sala Palomar 17/01/2008     C-793-5 1050994 23/02/2023 23/02/2023 Libro impreso antiguo